On guilt, responsibility, and punishment / (Record no. 723)

MARC details
000 -LEADER
fixed length control field 01294cam a2200349 i 4500
001 - CONTROL NUMBER
control field 4129328
003 - CONTROL NUMBER IDENTIFIER
control field OSt
005 - DATE AND TIME OF LATEST TRANSACTION
control field 20110721115823.0
008 - FIXED-LENGTH DATA ELEMENTS--GENERAL INFORMATION
fixed length control field 760430s1975 enk b 001 0 eng
010 ## - LIBRARY OF CONGRESS CONTROL NUMBER
LC control number 76360043
015 ## - NATIONAL BIBLIOGRAPHY NUMBER
National bibliography number GB75-17390
020 ## - INTERNATIONAL STANDARD BOOK NUMBER
International Standard Book Number 0420446206 :
Terms of availability £4.00
040 ## - CATALOGING SOURCE
Original cataloging agency DLC
Transcribing agency DLC
Modifying agency DLC
041 1# - LANGUAGE CODE
Language code of text/sound track or separate title engdan
050 00 - LIBRARY OF CONGRESS CALL NUMBER
Classification number K5065
Item number .R667 1975
082 00 - DEWEY DECIMAL CLASSIFICATION NUMBER
Classification number 345.04 ROS
100 1# - MAIN ENTRY--PERSONAL NAME
Personal name Ross, Alf,
Dates associated with a name 1899-
9 (RLIN) 1970
240 10 - UNIFORM TITLE
Uniform title <a href="Skyld, ansvar og straf.">Skyld, ansvar og straf.</a>
Language of a work English
245 10 - TITLE STATEMENT
Title On guilt, responsibility, and punishment /
Statement of responsibility, etc by Alf Ross ; [translated from the Danish by Alastair Hannay and Thomas E. Sheahan].
260 ## - PUBLICATION, DISTRIBUTION, ETC. (IMPRINT)
Place of publication, distribution, etc London :
Name of publisher, distributor, etc Stevens,
Date of publication, distribution, etc 1975.
300 ## - PHYSICAL DESCRIPTION
Extent x, 183 p. ;
Dimensions 23 cm.
500 ## - GENERAL NOTE
General note Translation of Skyld, ansvar og straf.
504 ## - BIBLIOGRAPHY, ETC. NOTE
Bibliography, etc Includes bibliographical references and index.
650 #0 - SUBJECT ADDED ENTRY--TOPICAL TERM
Topical term or geographic name as entry element Guilt (Law)
9 (RLIN) 1971
650 #0 - SUBJECT ADDED ENTRY--TOPICAL TERM
Topical term or geographic name as entry element Criminal liability.
9 (RLIN) 1972
650 #0 - SUBJECT ADDED ENTRY--TOPICAL TERM
Topical term or geographic name as entry element Punishment.
9 (RLIN) 1973
906 ## - LOCAL DATA ELEMENT F, LDF (RLIN)
a 7
b cbc
c orignew
d 3
e ncip
f 19
g y-gencatlg
942 ## - ADDED ENTRY ELEMENTS (KOHA)
Source of classification or shelving scheme Dewey Decimal Classification
Koha item type Books
Holdings
Withdrawn status Lost status Source of classification or shelving scheme Damaged status Not for loan Home library Current library Shelving location Date acquired Total Checkouts Full call number Barcode Date last seen Price effective from Koha item type
    Dewey Decimal Classification     Law Development Centre Main Library Law Development Centre Main Library Text Books and Laws 04/27/2011   345.04 ROS 2011/2487 04/27/2011 04/27/2011 Books
    Dewey Decimal Classification     Law Development Centre Main Library Law Development Centre Main Library Text Books and Laws 04/27/2011   345.04 ROS 0021 04/27/2011 04/27/2011 Books